Armádny vrcholový šport v B. Bystrici

Podrobná bibliografia
Hlavný autor: Gibala, Imrich (Autor)
Médium: Článok
Jazyk:slovenčina
Fyzický popis:Fotografie
ISSN:2585-9420
Predmet:

MARC

LEADER 00000nab a2200000 4500
001 vtls011924515
003 SK-MaSNL
005 20260304223607.0
008 200317|2009 xo qr p || |||| ||slo
015 |a SNBRA 2015  |2 svkbbbg 
038 |a SVKBBBG 
040 |a SVKBBBG  |b slo  |c SVKBBBG  |e rda 
041 0 |a slo 
043 |a e-xo--- 
044 |a xo  |c SK 
072 7 |a 796  |x Šport. Hry. Telesné cvičenia  |2 konspekt 
080 |a 796/799:061  |2 2011 
080 |a (437.642)  |2 2011 
100 1 |a Gibala, Imrich  |4 aut  |9 1557846 
245 1 0 |a Armádny vrcholový šport v B. Bystrici  |c Imrich Gibala 
300 |b Fotografie 
336 |a text  |b txt  |2 rdacontent 
337 |a bez média  |b n  |2 rdamedia 
338 |a zväzok  |b nc  |2 rdacarrier 
610 2 7 |a Vojenské športové centrum Dukla (Banská Bystrica, Slovensko)  |2 SNKMA  |9 265788 
650 0 7 |a športové organizácie  |2 SNKPH  |9 1049 
651 7 |a Banská Bystrica (Slovensko)  |2 SNKPHgeo  |9 22015 
773 0 |t Bystrický Permon  |d Roč. VII., č. 1 (2009)  |g S. 12  |x 2585-9420 
852 |a SVKBB  |b KIS3GCP 
958 |a NB 
958 |a PM 
999 |c 3168608  |d 3170538